History Quiz

Random History or Country Quiz

Name the country by leader III Quiz Stats

 Plays Quiz not verified by Sporcle

Also try: Who Invented It?
Challenge
Share
Tweet
Embed
Score 0/10 Timer 10:00
0 Plays Today
Hint Answer % Correct
Chiang Kai-shekChina
93.6%
Viktor YanukovychUkraine
78.7%
Manuel NoriegaPanama
78.7%
Ngô Đình DiệmSouth Vietnam
72.3%
Fulgencio BatistaCuba
63.8%
Alberto Fujimori FujimoriPeru
61.7%
Charles TaylorLiberia
57.4%
Siad BarreSomalia
31.9%
Ahmad Shāh DurrāniAfghanistan
27.7%
Sutan SjahrirIndonesia
19.1%

You're not logged in!

Compare scores with friends on all Sporcle quizzes.
Join for Free
OR
Log In

You Might Also Like...

Show Comments

Extras

Created Oct 25, 2014ReportNominate
Tags:Country Quiz, leader

Top Quizzes Today


Score Distribution

Your Account Isn't Verified!

In order to create a playlist on Sporcle, you need to verify the email address you used during registration. Go to your Sporcle Settings to finish the process.

Report this User

Report this user for behavior that violates our Community Guidelines.

Details: